Super-Héros - par Logo - Statistiques

Statistiques générales
  • Ce quiz a été pris 269 fois
  • Le résultat moyen est 11 sur 16
Statistiques - réponses
Par images Réponse % Correct
Spiderman
100%
Superman
100%
Batman
99%
Thor
99%
Hulk
98%
Captain America
96%
Flash
95%
Wonder Woman
94%
Black panther
92%
Vénom
61%
Daredevil
52%
X-men
51%
Hawkeye
41%
Gardiens de la galaxie
32%
Dr Strange
20%
Iron Patriote
10%
Aucun quiz correspondant
Distribution des résultats
% des personnes avec chaque résultat
Percentile par nombre de réponses
Votre historique - résultats
Vous n’avez pas pris ce quiz